Delivering inclusive environments (Record no. 72880)

MARC details
000 -LEADER
fixed length control field 01013cam a2200217 4500
001 - CONTROL NUMBER
control field WB3923-02
008 - FIXED-LENGTH DATA ELEMENTS--GENERAL INFORMATION
fixed length control field 030618n2003 000 0 eng u
035 ## - SYSTEM CONTROL NUMBER
System control number (Sirsi) u122654
245 ## - TITLE STATEMENT
Title Delivering inclusive environments
260 ## - PUBLICATION, DISTRIBUTION, ETC.
Date of publication, distribution, etc. 2003
490 ## - SERIES STATEMENT
Series statement DfT News Release
Volume/sequential designation 17 June 2003 (1)
520 ## - SUMMARY, ETC.
Summary, etc. New guidance has been published by the Disabled Persons Transport Advisory Committee(DPTAC), setting out five simple steps to help deliver inclusive environments to meet the needs of everyone. The guidance, "Inclusive projects", is available from Department of Transport, Free Literature, PO Box 236, Wetherby LS23 7NB or DPTAC, Great Minster House, 76 Marsham Street, London SW1P 4DR.
590 ## - LOCAL NOTE (RLIN)
Local note WB
650 ## - SUBJECT ADDED ENTRY--TOPICAL TERM
Topical term or geographic name entry element MANAGEMENT-BUSINESS MANAGEMENT-DISCRIMINATION-DISABILITY DISCRIMINATION-ACCESSIBILITY
650 ## - SUBJECT ADDED ENTRY--TOPICAL TERM
Topical term or geographic name entry element GUIDANCE
650 ## - SUBJECT ADDED ENTRY--TOPICAL TERM
Topical term or geographic name entry element INCLUSIVE DESIGN
650 ## - SUBJECT ADDED ENTRY--TOPICAL TERM
Topical term or geographic name entry element BEST PRACTICE
650 ## - SUBJECT ADDED ENTRY--TOPICAL TERM
Topical term or geographic name entry element MANAGEMENT-PROJECT MANAGEMENT
690 ## - LOCAL SUBJECT ADDED ENTRY--TOPICAL TERM (OCLC, RLIN)
Topical term or geographic name as entry element BUILT ENVIRONMENT-CONSTRUCTION DESIGN
942 ## - ADDED ENTRY ELEMENTS (KOHA)
Suppress in OPAC 0
Holdings
Withdrawn status Lost status Source of classification or shelving scheme Damaged status Not for loan Home library Current library Shelving location Date acquired Total Checkouts Full call number Barcode Date last seen Copy number Price effective from Koha item type
    Dewey Decimal Classification     London London News article 18/06/2003   WB3923-02 122654-1001 06/08/2019 1 06/08/2019 News article